| 000 | 01433nam1a2200337 i 4500 | ||
|---|---|---|---|
| 001 | RU\NLR\bibl\898971 | ||
| 005 | 20260405072945.0 | ||
| 035 | _a(NLR Aleph) 000887421 | ||
| 090 |
_a1697060 _c1697060 |
||
| 100 | _a20060122g20059999u y0rusy50 ca | ||
| 101 | 0 | _arus | |
| 102 | _aRU | ||
| 105 | _a||||z ||||| | ||
| 200 | 1 |
_aПраздники в воскресной школе _eмузыкальные пьесы для детей. Песни на духовные стихи русских поэтов _fпротоиер. Игорь Лепешинский, Олег Гончаров |
|
| 210 |
_a[Москва] _cВосхождение _aРузы _cХрам св. вмч. Димитрия Солунского _d2005 |
||
| 215 | _d29 | ||
| 463 | 0 | _1001835915 | |
| 463 | 0 | _10011079816 | |
| 606 | 0 |
_aШкольники _xРелигиозное воспитание _91988772 _3RU\NLR\auth\661198607 |
|
| 606 |
_aВнешкольная работа с детьми _91272560 _3RU\NLR\auth\66206147 |
||
| 686 | _aЧ421.350.4 | ||
| 686 | _aЧ421.382-5 | ||
| 686 | _aЩ319.41(2)церковн.песни | ||
| 700 | 1 |
_4070 _8rus _7ca _aЛепешинский _bИ.И. _f1961- _gИгорь Игоревич _3RU\NLR\auth\7725355 _98404 |
|
| 701 | 1 |
_aГончаров _bО. _gОлег _4070 |
|
| 801 | 0 |
_aRU _bNLR _c20060122 _grcr |
|
| 801 | 1 |
_aRU _bNLR _c20060122 |
|
| 852 |
_aNLR _j2005-8/2509 |
||
| 942 | _cBOOK | ||